| 000 | 00647nam a2200181 a 4500 | ||
|---|---|---|---|
| 005 | 20241115063734.0 | ||
| 008 | 030218s1985 mx r 000 0 spa d | ||
| 035 | _aUPN01000122050 | ||
| 049 | _aCG | ||
| 050 | 4 |
_aBD591 _bR6.4 |
|
| 100 | 1 | _aRojo Ch., Laura Elena | |
| 245 | 1 | 4 |
_aLos modelos causales : _bsu aplicación a la investigación pedagógica / _cLaura Elena Rojo Ch. |
| 260 |
_aMéxico : _bL. E. Rojo Ch., _c1985. |
||
| 300 | _a169 h. | ||
| 502 | _aTesis (Maestría en Pedagogía) -- Universidad Nacional Autónoma de México, Facultad de Filosofía y Letras, Colegio de Pedagogía, 1985 | ||
| 650 | 2 |
_aCausalidad _96519 |
|
| 905 | _aTesis | ||
| 999 |
_c94252 _d94252 |
||